Operačný systém DIAMS Kurz

Na minha lista:
Detalhes bibliográficos
Formato: Livro
Idioma:eslovaco
Publicado em: Bratislava Dom techniky ČSVTS 1988
Edição:1. vyd.
Tags: Adicionar Tag
Sem tags, seja o primeiro a adicionar uma tag!

MARC

LEADER 00000nam a2200000 4500
001 c024210
005 20221219093503.9
041 0 |a slo 
044 |a SK 
245 1 0 |a Operačný systém DIAMS  |b Kurz 
250 |a 1. vyd. 
264 1 |a Bratislava  |b Dom techniky ČSVTS  |c 1988 
300 |a 155 s.